header

Virtual environments and cultures : (Record no. 124422)

MARC details
000 -LEADER
fixed length control field 01927nam a22004211i 4500
001 - CONTROL NUMBER
control field ebr10767551
003 - CONTROL NUMBER IDENTIFIER
control field CaPaEBR
006 - FIXED-LENGTH DATA ELEMENTS--ADDITIONAL MATERIAL CHARACTERISTICS--GENERAL INFORMATION
fixed length control field m o d
007 - PHYSICAL DESCRIPTION FIXED FIELD--GENERAL INFORMATION
fixed length control field cr cn|||||||||
008 - FIXED-LENGTH DATA ELEMENTS--GENERAL INFORMATION
fixed length control field 140724s2013 gw a ob 000 0 eng d
020 ## - INTERNATIONAL STANDARD BOOK NUMBER
International Standard Book Number 9783653035414 (e-book)
Cancelled/invalid ISBN 9783631630006
040 ## - CATALOGING SOURCE
Original cataloging agency CaPaEBR
Language of cataloging eng
Description conventions rda
-- pn
Transcribing agency CaPaEBR
035 ## - SYSTEM CONTROL NUMBER
System control number (OCoLC)858861940
050 14 - LIBRARY OF CONGRESS CALL NUMBER
Classification number GN345
Item number .V57 2013eb
082 04 - DEWEY DECIMAL CLASSIFICATION NUMBER
Classification number 305.80072
Edition number 23
245 00 - TITLE STATEMENT
Title Virtual environments and cultures :
Remainder of title a collection of social anthropological research in virtual cultures and landscapes /
Statement of responsibility, etc Urte Undine Fr�omming (ed.).
264 #1 - PRODUCTION, PUBLICATION, DISTRIBUTION, MANUFACTURE, AND COPYRIGHT NOTICE
Place of production, publication, distribution, manufacture Frankfurt am Main ;
-- New York :
Name of producer, publisher, distributor, manufacturer Peter Lang,
Date of production, publication, distribution, manufacture, or copyright notice 2013.
300 ## - PHYSICAL DESCRIPTION
Extent 1 online resource (266 pages) :
Other physical details illustrations
336 ## - CONTENT TYPE
Content type term text
Source rdacontent
337 ## - MEDIA TYPE
Media type term computer
Source rdamedia
338 ## - CARRIER TYPE
Carrier type term online resource
Source rdacarrier
504 ## - BIBLIOGRAPHY, ETC. NOTE
Bibliography, etc Includes bibliographical references.
588 ## - SOURCE OF DESCRIPTION NOTE
Source of description note Description based on print version record.
590 ## - LOCAL NOTE (RLIN)
Local note Electronic reproduction. Palo Alto, Calif. : ebrary, 2014. Available via World Wide Web. Access may be limited to ebrary affiliated libraries.
650 #0 - SUBJECT ADDED ENTRY--TOPICAL TERM
Topical term or geographic name as entry element Computer games
General subdivision Social aspects.
Topical term or geographic name as entry element Ethnology
General subdivision Research.
Topical term or geographic name as entry element Online identities.
Topical term or geographic name as entry element Second Life (Game)
General subdivision Social aspects.
Topical term or geographic name as entry element Shared virtual environments
General subdivision Research.
Topical term or geographic name as entry element Virtual reality
General subdivision Research.
Topical term or geographic name as entry element Virtual reality
General subdivision Social aspects.
655 #0 - INDEX TERM--GENRE/FORM
Genre/form data or focus term Electronic books.
700 1# - ADDED ENTRY--PERSONAL NAME
Personal name Fr�omming, Urte Undine.
776 08 - ADDITIONAL PHYSICAL FORM ENTRY
Display text Print version:
Title Virtual environments and cultures : a collection of social anthropological research in virtual cultures and landscapes.
Place, publisher, and date of publication Frankfurt am Main : Peter Lang, 2013
Physical description 265 pages : illustrations ; 22 cm.
International Standard Book Number 9783631630006
Record control number (DLC) 2013004775
797 2# - LOCAL ADDED ENTRY--CORPORATE NAME (RLIN)
Corporate name or jurisdiction name as entry element ebrary.
856 40 - ELECTRONIC LOCATION AND ACCESS
Uniform Resource Identifier <a href="http://site.ebrary.com/lib/rucke/Doc?id=10767551">http://site.ebrary.com/lib/rucke/Doc?id=10767551</a>
Public note An electronic book accessible through the World Wide Web; click to view

No items available.

© 2026 Rongo University
Contact us: librarian | system librarian | Rongo university